[Event "52nd Rubinstein Mem"]
[Site "Polanica Zdroj POL"]
[Date "2016.08.28"]
[Round "9.19"]
[White "Faron, Rafal"]
[Black "Leks, Maria"]
[Result "1-0"]
[BlackTitle "WCM"]
[WhiteElo "2008"]
[BlackElo "2142"]
[WhiteFideId "1149768"]
[BlackFideId "1134957"]
[EventDate "2016.08.20"]

1. d4 d5 2. c4 e6 3. Nc3 c6 4. e3 Nf6 5. Nf3 dxc4 6. Bxc4 b5 7. Bd3 Bb7 8. e4
Be7 9. O-O a6 10. e5 Nd5 11. Ne4 h6 12. Bd2 Nd7 13. Rc1 Rc8 14. Nc5 Nxc5 15.
dxc5 a5 16. Qe1 b4 17. Qe4 Nc7 18. a3 bxa3 19. bxa3 Na6 20. Be3 Bg5 21. Nxg5
hxg5 22. Rb1 Qe7 23. Rb6 Rh4 24. Qf3 Nb8 25. Rfb1 Rc7 26. Bxg5 Qxg5 27. Rxb7
Rxb7 28. Rxb7 Nd7 29. Qxc6 Rd4 30. Rb8+ Ke7 31. Qd6+ 1-0

[Event "52nd Rubinstein Mem"]
[Site "Polanica Zdroj POL"]
[Date "2016.08.28"]
[Round "9.20"]
[White "Chomczyk, Marek"]
[Black "Praczukowski, Stanislaw"]
[Result "1/2-1/2"]
[WhiteElo "2131"]
[BlackElo "2096"]
[WhiteFideId "1125826"]
[BlackFideId "1182730"]
[EventDate "2016.08.20"]

1. d4 d5 2. c4 c6 3. cxd5 cxd5 4. Nf3 Nf6 5. Nc3 Nc6 6. Bf4 Bf5 7. e3 e6 8. Bd3
Bxd3 9. Qxd3 Bd6 10. Bxd6 Qxd6 11. O-O O-O 12. h3 Rfc8 13. Rac1 h6 14. Ne2 Ne7
15. Rxc8+ Rxc8 16. Rc1 Rc6 17. Rxc6 Nxc6 18. Nd2 g6 19. a3 h5 20. g3 Kg7 21. Kg2
a6 22. Qb3 Na5 23. Qc3 Nc6 24. Qb3 Na5 25. Qc3 Nc6 26. Qb3 Na5 27. Qc3 Nc6 28.
Qb3 Na5 29. Qc3 Nc6 30. Qb3 Na5 1/2-1/2

[Event "52nd Rubinstein Mem"]
[Site "Polanica Zdroj POL"]
[Date "2016.08.28"]
[Round "9.21"]
[White "Samborski, Henryk"]
[Black "Czuchnicki, Adam"]
[Result "1-0"]
[WhiteElo "2114"]
[BlackElo "2046"]
[WhiteFideId "1103849"]
[BlackFideId "1127179"]
[EventDate "2016.08.20"]

1. e4 c5 2. Nf3 d6 3. d4 cxd4 4. Nxd4 Nf6 5. Nc3 a6 6. Be2 e6 7. Be3 Qc7 8. a4
Nc6 9. O-O Be7 10. f4 O-O 11. Kh1 Nxd4 12. Bxd4 e5 13. Be3 exf4 14. Bxf4 Be6 15.
Bf3 Nd7 16. Nd5 Bxd5 17. Qxd5 Ne5 18. Rac1 b5 19. axb5 axb5 20. Be2 b4 21. c4
bxc3 22. Rxc3 Qa5 23. Qxa5 Rxa5 24. Rc7 Bf6 25. Rb7 Ra2 26. g4 g5 27. Bd2 Kg7
28. Bc3 Kg6 29. Rd1 Rd8 30. Rb6 Ra4 31. Rdxd6 Rxd6 32. Rxd6 Rxe4 33. Bd3 Nxd3
34. Rxf6+ Kg7 35. Re6+ Kf8 36. Rxe4 Nf2+ 37. Kg2 Nxe4 38. Kf3 Nd6 39. Bb4 Ke7
40. Bxd6+ Kxd6 41. Ke4 Ke6 42. b4 1-0

[Event "52nd Rubinstein Mem"]
[Site "Polanica Zdroj POL"]
[Date "2016.08.28"]
[Round "9.22"]
[White "Betkowski, Andrzej"]
[Black "Korpalski, Maciej"]
[Result "1-0"]
[WhiteElo "2111"]
[BlackElo "1915"]
[WhiteFideId "1102036"]
[BlackFideId "1126199"]
[EventDate "2016.08.20"]

1. e4 c5 2. Nc3 d6 3. g3 g6 4. Bg2 Bg7 5. d3 Nc6 6. Be3 e6 7. Qd2 Rb8 8. Nf3 b5
9. O-O b4 10. Nd1 Nge7 11. Bh6 O-O 12. Bxg7 Kxg7 13. Ne3 e5 14. Nh4 Be6 15. f4
f6 16. f5 Bd7 17. g4 g5 18. Nf3 Nd4 19. h4 h6 20. Kf2 Be8 21. Rh1 Bf7 22. Rh3
Qb6 23. hxg5 hxg5 24. Nxg5 fxg5 25. Nc4 Qc7 26. Qxg5+ Bg6 27. Rah1 Kf7 28. fxg6+
Ke6+ 29. Ke1 Kd7 30. Rh7 Rbe8 31. Rf7 Ne6 32. Qf6 Rg8 33. Rhh7 Qd8 34. g5 1-0

[Event "52nd Rubinstein Mem"]
[Site "Polanica Zdroj POL"]
[Date "2016.08.28"]
[Round "9.23"]
[White "Sliwerski, Radoslaw"]
[Black "Lis, Mateusz"]
[Result "0-1"]
[WhiteElo "2077"]
[BlackElo "1994"]
[WhiteFideId "1115308"]
[BlackFideId "1184733"]
[EventDate "2016.08.20"]

1. d4 Nf6 2. Nf3 g6 3. g3 Bg7 4. Bg2 d6 5. c4 O-O 6. Nc3 Nbd7 7. O-O e5 8. e4
exd4 9. Nxd4 Re8 10. h3 Nc5 11. Re1 a5 12. Rb1 Bd7 13. Bf4 Nh5 14. Be3 Nf6 15.
Qc2 Qc8 16. Kh2 Re5 17. f3 Rh5 18. h4 h6 19. Kg1 g5 20. Nf5 Bxf5 21. exf5 g4 22.
f4 Qxf5 23. Qxf5 Rxf5 24. Bd4 c6 25. Kh2 Re8 26. Bxf6 Rxe1 27. Rxe1 Bxf6 28.
Re8+ Kg7 29. Be4 Rh5 30. Bc2 Bxc3 31. bxc3 d5 32. f5 dxc4 33. Re5 Nd3 34. f6+
Kg6 35. Re4 Rf5 36. Rxg4+ Kxf6 37. Kg1 Re5 38. Bxd3 cxd3 39. Rd4 Rd5 0-1

[Event "52nd Rubinstein Mem"]
[Site "Polanica Zdroj POL"]
[Date "2016.08.28"]
[Round "9.24"]
[White "Ochowicz, Jakub"]
[Black "Pyka, Roman"]
[Result "1-0"]
[WhiteElo "2069"]
[BlackElo "2065"]
[WhiteFideId "1182714"]
[BlackFideId "1102672"]
[EventDate "2016.08.20"]

1. e4 e6 2. d3 d5 3. Nd2 Nf6 4. Ngf3 b6 5. g3 Bb7 6. Qe2 Be7 7. Bg2 Nbd7 8. e5
Ng4 9. h3 Nh6 10. O-O Nf5 11. Re1 h5 12. Nf1 c5 13. h4 Qc7 14. Bf4 Rc8 15. c3 g6
16. Bh3 c4 17. Bxf5 gxf5 18. d4 Nf8 19. Ne3 Ng6 20. Ng2 Kd7 21. Bg5 Rcg8 22.
Bxe7 Kxe7 23. Ng5 Kf8 24. Qf3 Qe7 25. Nf4 Nxf4 26. Qxf4 Rg6 27. Kf1 Rg7 28. Ke2
Bc6 29. Kd2 Ke8 30. Rh1 Qd8 31. Rag1 Qd7 32. f3 Qe7 33. g4 fxg4 34. fxg4 b5 35.
Nf3 b4 36. g5 bxc3+ 37. bxc3 Qa3 38. Rb1 Kd7 39. Qf6 Rhg8 40. Rhc1 Qxa2+ 41. Ke3
Qa5 42. Ra1 Qc7 43. Ng1 Rh7 44. Ne2 Ra8 45. Ng3 Qd8 46. Qf3 Qh8 47. Ra6 Bb5 48.
Rd6+ Kc7 49. Ra1 a6 50. Ne2 Qg8 51. Nf4 Re8 52. Nxd5+ exd5 53. Qxd5 Re6 54. Qc5+
Kb8 55. Raxa6 Bxa6 56. Qb6+ Kc8 57. Qxa6+ Kb8 58. Qb6+ 1-0

[Event "52nd Rubinstein Mem"]
[Site "Polanica Zdroj POL"]
[Date "2016.08.28"]
[Round "9.25"]
[White "Kiedowski, Artur"]
[Black "Jankowiak, Tomasz"]
[Result "1/2-1/2"]
[WhiteElo "1709"]
[BlackElo "1815"]
[WhiteFideId "21844526"]
[BlackFideId "1185357"]
[EventDate "2016.08.20"]

1. d4 d5 2. c4 e6 3. Nf3 Nf6 4. Nc3 c6 5. Bf4 Nbd7 6. e3 Be7 7. Bd3 Nh5 8. Bg3
a6 9. a3 b5 10. c5 Nxg3 11. hxg3 g6 12. Qc2 e5 13. Nxe5 Nxe5 14. dxe5 Qc7 15. f4
Bxc5 16. b4 Bb6 17. Rc1 Qb8 18. e4 d4 19. Ne2 Bb7 20. Qb2 Qd8 21. f5 Qe7 22. e6
fxe6 23. O-O e5 24. g4 O-O-O 25. f6 Qe6 26. g5 h6 27. gxh6 Rxh6 28. Qd2 Rdh8 29.
Ng3 g5 30. f7 Rf8 31. Qxg5 Rg6 32. Qf5 Qxf5 33. Nxf5 Kd7 34. Kf2 Rxf7 35. Rh1
Rgg7 1/2-1/2